Bello y Caracas / La casa de Bello 1979

Tallennettuna:
Bibliografiset tiedot
Aineistotyyppi: Kirja
Kieli:Undetermined
Julkaistu: Caracas, Venezuela La de Bello 1979
Aiheet:
Tagit: Lisää tagi
Ei tageja, Lisää ensimmäinen tagi!

MARC

LEADER 00000nam a2200000Ia 4500
008 170316s9999 xx 000 0 und d
040 |a cru BVZT 
090 |a 860 B-20a 
245 |a Bello y Caracas / La casa de Bello 1979 
260 |a Caracas, Venezuela 
260 |b La de Bello 
260 |c 1979 
300 |a 473 páginas 
650 |a LITERATURA LATINOAMERICANA 
999 |c 8394  |d 8394 
942 |c 15 D  |h 860 B-20a  |2 z